God's smuggler to China : (Record no. 1779)
[ view plain ]
| 000 -LEADER | |
|---|---|
| fixed length control field | 00945nam a2200289 a 4500 |
| 001 - CONTROL NUMBER | |
| control field | 1377072 |
| 003 - CONTROL NUMBER IDENTIFIER | |
| control field | GBCCL |
| 005 - DATE AND TIME OF LATEST TRANSACTION | |
| control field | 20241126110409.0 |
| 008 - FIXED-LENGTH DATA ELEMENTS--GENERAL INFORMATION | |
| fixed length control field | 810609s1981 enk 000 0 eng |
| 010 ## - | |
| -- | 81149394 |
| 020 ## - INTERNATIONAL STANDARD BOOK NUMBER | |
| International Standard Book Number | 0340265701 (pbk) : |
| Terms of availability | £1.50 |
| 040 ## - CATALOGING SOURCE | |
| Original cataloging agency | DLC |
| Transcribing agency | DLC |
| Modifying agency | DLC |
| 043 ## - | |
| -- | a-cc--- |
| 050 00 - | |
| -- | BV2369.5.C5 |
| -- | D38 1981 |
| 082 00 - DEWEY DECIMAL CLASSIFICATION NUMBER | |
| Classification number | 266.00951 |
| Edition information | 19 |
| Item number | DAV |
| 100 0# - MAIN ENTRY--PERSONAL NAME | |
| Personal name | David, |
| Titles and words associated with a name | Brother. |
| 9 (RLIN) | 3685 |
| 245 10 - TITLE STATEMENT | |
| Title | God's smuggler to China : |
| Remainder of title | a cry to the Chinese to let us love them / |
| Statement of responsibility, etc. | Brother David ; with Dan Wooding and Sara Bruce. |
| 260 ## - PUBLICATION, DISTRIBUTION, ETC. | |
| Place of publication, distribution, etc. | London : |
| Name of publisher, distributor, etc. | Hodder & Stoughton, |
| Date of publication, distribution, etc. | 1981. |
| 300 ## - PHYSICAL DESCRIPTION | |
| Extent | xiv, 304 p. ; |
| Dimensions | 18 cm. |
| 440 #0 - SERIES STATEMENT/ADDED ENTRY--TITLE | |
| Title | Hodder Christian paperbacks |
| 9 (RLIN) | 3686 |
| 600 00 - SUBJECT ADDED ENTRY--PERSONAL NAME | |
| Personal name | David, |
| Titles and other words associated with a name | Brother. |
| 9 (RLIN) | 3685 |
| 630 00 - SUBJECT ADDED ENTRY--UNIFORM TITLE | |
| Uniform title | Bible |
| General subdivision | Publication and distribution |
| Geographic subdivision | China. |
| 9 (RLIN) | 3687 |
| 700 1# - ADDED ENTRY--PERSONAL NAME | |
| Personal name | Wooding, Dan. |
| 9 (RLIN) | 1118 |
| 700 1# - ADDED ENTRY--PERSONAL NAME | |
| Personal name | Bruce, Sara. |
| 9 (RLIN) | 3688 |
| 906 ## - LOCAL DATA ELEMENT F, LDF (RLIN) | |
| a | 7 |
| b | cbc |
| c | orignew |
| d | 3 |
| e | ncip |
| f | 19 |
| g | y-gencatlg |
| 942 ## - ADDED ENTRY ELEMENTS (KOHA) | |
| Source of classification or shelving scheme | Dewey Decimal Classification |
| Koha item type | Books |
| Withdrawn status | Lost status | Source of classification or shelving scheme | Damaged status | Not for loan | Home library | Current Library | Shelving location | Date acquired | Total checkouts | Full call number | Barcode | Date last seen | Copy number | Price effective from | Koha item type |
|---|---|---|---|---|---|---|---|---|---|---|---|---|---|---|---|
| Dewey Decimal Classification | GRACE BIBLE COLLEGE | GRACE BIBLE COLLEGE | Ministry & Mission | 2017-05-25 | 266.00951 DAV | 009039 | 2025-05-01 | c.1 | 2017-05-25 | Books |